Monarquías en el mundo - Estadísticas

Estadísticas generales
  • Esta prueba ha sido intentada 32 veces
  • La puntuación promedio es 17 de 20
Estadísticas de respuestas
Imagen Respuesta % Correcto
Reino Unido
100%
Canadá
96%
España
96%
Países bajos
96%
Suecia
96%
Dinamarca
93%
Japón
93%
Marruecos
93%
Noruega
93%
Arabia Saudí
89%
Australia
89%
Nueva Zelanda
89%
Andorra
81%
Camboya
78%
Emiratos árabes Unidos
78%
Malasia
78%
Qatar
67%
Mónaco
63%
Belice
52%
Granada
41%
No se encontraron pruebas coincidentes
Distribución de puntuación
Porcentaje de gente con cada puntuación
Porcentaje por número respondido
Historial de tus puntuaciones
No has intentado esta prueba.